|
|
|
|
| LEADER |
01084nam a2200265 a 4500 |
| 001 |
530533 |
| 008 |
091210s1986 ii b 001 0 eng d |
| 010 |
|
|
|a 86903398
|
| 020 |
|
|
|a 8120400720
|
| 040 |
|
|
|a DLC
|c DLC
|d DLC
|
| 082 |
0 |
0 |
|a 331.2/95475
|2 19
|
| 100 |
1 |
|
|a Hirway, Indira.
|
| 245 |
1 |
0 |
|a Wage employment programmes in rural development :
|b a study of NREP in Gujarat /
|c Indira Hirway.
|
| 260 |
|
|
|a New Delhi :
|b Oxford & IBH Pub. Co.,
|c c1986.
|
| 300 |
|
|
|a vi, 112 p. ;
|c 23 cm.
|
| 504 |
|
|
|a Includes Bibliography (p. [106]-109.) and index.
|
| 541 |
1 |
|
|e 00004828
|
| 650 |
|
0 |
|a Rural development projects
|z India
|z Gujarat.
|
| 650 |
|
0 |
|a Rural poor
|x Employment
|z India
|z Gujarat.
|
| 650 |
|
0 |
|a Wages
|z India
|z Gujarat.
|
| 610 |
2 |
0 |
|a National Rural Employment Programme (India)
|
| 710 |
2 |
|
|a Sardar Patel Institute of Economic and Social Research.
|
| 852 |
4 |
|
|a Ayesha Abed Library
|j General shelf
|
| 999 |
|
|
|c 6080
|d 6080
|
| 952 |
|
|
|0 0
|1 0
|2 ddc
|4 0
|6 331_295475000000000_HIR_1986
|7 0
|9 6070
|a BRACUL
|b BRACUL
|c GEN
|d 2009-12-14
|g 96.00
|l 0
|o 331.295475 HIR
|p 3010004828
|r 2009-12-14
|t 1
|w 2009-12-14
|y BK
|